<?xml version="1.0" encoding="UTF-8"?>
<record
    xmlns:xsi="http://www.w3.org/2001/XMLSchema-instance"
    xsi:schemaLocation="http://www.loc.gov/MARC21/slim http://www.loc.gov/standards/marcxml/schema/MARC21slim.xsd"
    xmlns="http://www.loc.gov/MARC21/slim">

  <leader>01772nac a22002531u 4500</leader>
  <controlfield tag="008">081021s2012    mau|||||r|||| 001 0 eng d</controlfield>
  <datafield tag="010" ind1=" " ind2=" ">
    <subfield code="a">  2004029593</subfield>
  </datafield>
  <datafield tag="020" ind1=" " ind2=" ">
    <subfield code="a">027375243X</subfield>
  </datafield>
  <datafield tag="020" ind1=" " ind2=" ">
    <subfield code="a">9780273752431</subfield>
  </datafield>
  <datafield tag="082" ind1="0" ind2="0">
    <subfield code="a">658.8</subfield>
    <subfield code="b">KOT</subfield>
    <subfield code="2">22</subfield>
  </datafield>
  <datafield tag="100" ind1=" " ind2=" ">
    <subfield code="a">Kotler, Philip.              </subfield>
    <subfield code="9">9038</subfield>
  </datafield>
  <datafield tag="245" ind1="1" ind2="0">
    <subfield code="a">Principles of Marketing /</subfield>
    <subfield code="c">Philip Kotler, Gary Armstrong.</subfield>
  </datafield>
  <datafield tag="250" ind1=" " ind2=" ">
    <subfield code="a">14th ed.</subfield>
  </datafield>
  <datafield tag="260" ind1=" " ind2=" ">
    <subfield code="a">Upper Saddle River, NJ :</subfield>
    <subfield code="b">Pearson Prentice Hall, 2012</subfield>
    <subfield code="c">2012</subfield>
  </datafield>
  <datafield tag="300" ind1=" " ind2=" ">
    <subfield code="a">1 v.;</subfield>
    <subfield code="b">ill. [some col.];</subfield>
    <subfield code="c">24 cm.</subfield>
  </datafield>
  <datafield tag="500" ind1=" " ind2=" ">
    <subfield code="a">this copy  has tea or coffee  splotch at the end .</subfield>
  </datafield>
  <datafield tag="505" ind1="0" ind2=" ">
    <subfield code="a">Marketing -- Company and marketing strategy : partnering to build customer relationships -- The marketing environment -- Managing marketing information -- Consumer markets and consumer buyer behavior -- Business markets and business buyer behavior -- Segmentation, targeting, and positioning : building the right relationships with the right customers -- Product, services, and branding strategy -- New-product development and product life-cycle strategies -- Pricing products : pricing considerations and strategies -- Pricing products : pricing strategies -- Marketing channels and supply chain management -- Retailing and wholesaling -- Integrated marketing communications strategy -- Personal selling and direct marketing -- Creating competitive advantage -- Marketing in the digital age -- The global marketplace -- Marketing and society : social responsibilityand marketing ethics.</subfield>
  </datafield>
  <datafield tag="650" ind1=" " ind2="0">
    <subfield code="a">Marketing.</subfield>
    <subfield code="9">9039</subfield>
    <subfield code="2">BUEsh</subfield>
  </datafield>
  <datafield tag="651" ind1=" " ind2=" ">
    <subfield code="2">BUEsh</subfield>
  </datafield>
  <datafield tag="653" ind1=" " ind2=" ">
    <subfield code="c">September2011</subfield>
  </datafield>
  <datafield tag="700" ind1="1" ind2=" ">
    <subfield code="a">Armstrong, Gary.</subfield>
    <subfield code="9">9040</subfield>
  </datafield>
  <datafield tag="856" ind1=" " ind2=" ">
    <subfield code="u">http://www.pearsonglobaleditions.com/mymarketinglab</subfield>
    <subfield code="z">For obtaining access codes, please call the library on Ext. 1372</subfield>
  </datafield>
  <datafield tag="942" ind1=" " ind2=" ">
    <subfield code="c">BB</subfield>
    <subfield code="k">658.8 KOT</subfield>
    <subfield code="2">ddc</subfield>
  </datafield>
  <datafield tag="999" ind1=" " ind2=" ">
    <subfield code="c">16102</subfield>
    <subfield code="d">16102</subfield>
  </datafield>
  <datafield tag="952" ind1=" " ind2=" ">
    <subfield code="0">0</subfield>
    <subfield code="1">0</subfield>
    <subfield code="2">ddc</subfield>
    <subfield code="4">0</subfield>
    <subfield code="7">0</subfield>
    <subfield code="8">Baccah</subfield>
    <subfield code="a">MAIN</subfield>
    <subfield code="b">MAIN</subfield>
    <subfield code="c">1ST</subfield>
    <subfield code="d">2011-09-29</subfield>
    <subfield code="e">purchase</subfield>
    <subfield code="g">180.00</subfield>
    <subfield code="l">2</subfield>
    <subfield code="o">658.8 KOT</subfield>
    <subfield code="p">000024961</subfield>
    <subfield code="r">2025-07-15 00:00:00</subfield>
    <subfield code="s">2013-11-20</subfield>
    <subfield code="v">225.00</subfield>
    <subfield code="y">NB</subfield>
  </datafield>
  <datafield tag="952" ind1=" " ind2=" ">
    <subfield code="0">0</subfield>
    <subfield code="1">0</subfield>
    <subfield code="2">ddc</subfield>
    <subfield code="4">0</subfield>
    <subfield code="7">0</subfield>
    <subfield code="8">Baccah</subfield>
    <subfield code="a">MAIN</subfield>
    <subfield code="b">MAIN</subfield>
    <subfield code="c">1ST</subfield>
    <subfield code="d">2011-09-29</subfield>
    <subfield code="e">purchase</subfield>
    <subfield code="l">13</subfield>
    <subfield code="m">35</subfield>
    <subfield code="o">658.8 KOT</subfield>
    <subfield code="p">000024962</subfield>
    <subfield code="r">2025-07-15 00:00:00</subfield>
    <subfield code="s">2017-09-26</subfield>
    <subfield code="y">BB</subfield>
  </datafield>
  <datafield tag="952" ind1=" " ind2=" ">
    <subfield code="0">0</subfield>
    <subfield code="1">0</subfield>
    <subfield code="2">ddc</subfield>
    <subfield code="4">0</subfield>
    <subfield code="7">0</subfield>
    <subfield code="8">Baccah</subfield>
    <subfield code="a">MAIN</subfield>
    <subfield code="b">MAIN</subfield>
    <subfield code="c">1ST</subfield>
    <subfield code="d">2011-09-29</subfield>
    <subfield code="e">Purchase</subfield>
    <subfield code="l">19</subfield>
    <subfield code="m">19</subfield>
    <subfield code="o">658.8 KOT</subfield>
    <subfield code="p">000024963</subfield>
    <subfield code="r">2025-07-15 00:00:00</subfield>
    <subfield code="s">2019-11-20</subfield>
    <subfield code="y">BB</subfield>
  </datafield>
  <datafield tag="952" ind1=" " ind2=" ">
    <subfield code="0">0</subfield>
    <subfield code="1">0</subfield>
    <subfield code="2">ddc</subfield>
    <subfield code="4">0</subfield>
    <subfield code="7">0</subfield>
    <subfield code="8">Baccah</subfield>
    <subfield code="a">MAIN</subfield>
    <subfield code="b">MAIN</subfield>
    <subfield code="c">1ST</subfield>
    <subfield code="d">2011-09-29</subfield>
    <subfield code="e">purchase</subfield>
    <subfield code="l">18</subfield>
    <subfield code="m">38</subfield>
    <subfield code="o">658.8 KOT</subfield>
    <subfield code="p">000024964</subfield>
    <subfield code="r">2025-07-15 00:00:00</subfield>
    <subfield code="s">2017-04-18</subfield>
    <subfield code="y">BB</subfield>
  </datafield>
  <datafield tag="952" ind1=" " ind2=" ">
    <subfield code="0">0</subfield>
    <subfield code="1">0</subfield>
    <subfield code="2">ddc</subfield>
    <subfield code="4">0</subfield>
    <subfield code="7">0</subfield>
    <subfield code="8">Baccah</subfield>
    <subfield code="a">MAIN</subfield>
    <subfield code="b">MAIN</subfield>
    <subfield code="c">1ST</subfield>
    <subfield code="d">2011-09-29</subfield>
    <subfield code="e">purchase</subfield>
    <subfield code="l">13</subfield>
    <subfield code="m">44</subfield>
    <subfield code="o">658.8 KOT</subfield>
    <subfield code="p">000024966</subfield>
    <subfield code="r">2025-07-15 00:00:00</subfield>
    <subfield code="s">2015-11-18</subfield>
    <subfield code="y">BB</subfield>
  </datafield>
  <datafield tag="952" ind1=" " ind2=" ">
    <subfield code="0">0</subfield>
    <subfield code="1">0</subfield>
    <subfield code="2">ddc</subfield>
    <subfield code="4">0</subfield>
    <subfield code="7">0</subfield>
    <subfield code="8">Baccah</subfield>
    <subfield code="a">MAIN</subfield>
    <subfield code="b">MAIN</subfield>
    <subfield code="c">1ST</subfield>
    <subfield code="d">2011-09-29</subfield>
    <subfield code="e">purchase</subfield>
    <subfield code="l">17</subfield>
    <subfield code="m">61</subfield>
    <subfield code="o">658.8 KOT</subfield>
    <subfield code="p">000024968</subfield>
    <subfield code="r">2025-07-15 00:00:00</subfield>
    <subfield code="s">2016-10-03</subfield>
    <subfield code="y">BB</subfield>
  </datafield>
  <datafield tag="952" ind1=" " ind2=" ">
    <subfield code="0">0</subfield>
    <subfield code="1">0</subfield>
    <subfield code="2">ddc</subfield>
    <subfield code="4">0</subfield>
    <subfield code="7">0</subfield>
    <subfield code="8">Baccah</subfield>
    <subfield code="a">MAIN</subfield>
    <subfield code="b">MAIN</subfield>
    <subfield code="c">1ST</subfield>
    <subfield code="d">2011-09-29</subfield>
    <subfield code="e">purchase</subfield>
    <subfield code="l">17</subfield>
    <subfield code="m">58</subfield>
    <subfield code="o">658.8 KOT</subfield>
    <subfield code="p">000024969</subfield>
    <subfield code="r">2025-07-15 00:00:00</subfield>
    <subfield code="s">2015-11-24</subfield>
    <subfield code="y">BB</subfield>
  </datafield>
  <datafield tag="952" ind1=" " ind2=" ">
    <subfield code="0">0</subfield>
    <subfield code="1">0</subfield>
    <subfield code="2">ddc</subfield>
    <subfield code="4">0</subfield>
    <subfield code="7">0</subfield>
    <subfield code="8">Baccah</subfield>
    <subfield code="a">MAIN</subfield>
    <subfield code="b">MAIN</subfield>
    <subfield code="c">1ST</subfield>
    <subfield code="d">2011-09-29</subfield>
    <subfield code="e">purchase</subfield>
    <subfield code="l">17</subfield>
    <subfield code="m">14</subfield>
    <subfield code="o">658.8 KOT</subfield>
    <subfield code="p">000024970</subfield>
    <subfield code="r">2025-07-15 00:00:00</subfield>
    <subfield code="s">2021-12-01</subfield>
    <subfield code="y">BB</subfield>
  </datafield>
  <datafield tag="952" ind1=" " ind2=" ">
    <subfield code="0">0</subfield>
    <subfield code="1">0</subfield>
    <subfield code="2">ddc</subfield>
    <subfield code="4">0</subfield>
    <subfield code="7">0</subfield>
    <subfield code="a">MAIN</subfield>
    <subfield code="b">MAIN</subfield>
    <subfield code="c">1ST</subfield>
    <subfield code="d">2018-01-21</subfield>
    <subfield code="l">2</subfield>
    <subfield code="m">24</subfield>
    <subfield code="o">658.8 KOT</subfield>
    <subfield code="p">000042745</subfield>
    <subfield code="r">2025-07-15 00:00:00</subfield>
    <subfield code="s">2019-11-16</subfield>
    <subfield code="y">BB</subfield>
  </datafield>
</record>
